| 000 | 00614nam a2200169 i 4500 | ||
|---|---|---|---|
| 001 | 91294 | ||
| 003 | ES-MaACL | ||
| 005 | 20230906180703.0 | ||
| 007 | t| | ||
| 008 | 050128s1924 fr ||||1| fre d | ||
| 100 | 0 |
_aLe Preste de Vauban, Sébastien _cMaréchal de France. _970915 |
|
| 245 | 1 | 0 |
_aLettres intimes _b: (inedites) : adressées au Marquis de Puyzienslse (1699-1705) / _cSebastien Le Preste ; introduction de Hyrooise de Loudosle. |
| 260 |
_a[S.l. : _bs.n., _c1924] ( _eAbbeville : _fJ. Paillart) |
||
| 300 |
_a140 p. ; _c19 cm. |
||
| 700 | 1 |
_aLoudosle, Hyrooise de. _974315 |
|
| 852 |
_aES-MaACL _jF-4727 |
||
| 999 |
_c91294 _d91294 |
||